Daň z motorových vozidiel

Povinnosť podať daňové priznanie za vozidlo určené na podnikanie. Daňové priznanie podávané spravcovi dane (daňovému úradu), a to podľa miesta trvalého pobytu fyzickej osoby alebo sídla právnickej osoby. Najdôležitejšie ustanovenia zákona o dani z motorových vozidiel.

Gespeichert in:
Bibliographische Detailangaben
1. Verfasser: Fülöpová, Jana
Format: Buchkapitel
Sprache:Slowakisch
Schlagworte:
Tags: Tag hinzufügen
Keine Tags, Fügen Sie das erste Tag hinzu!

MARC

LEADER 00000naa a2200000 4500
001 0260597
005 20200102111439.0
041 0 |a slo 
044 |a SK 
245 1 0 |a Daň z motorových vozidiel  |c Jana Fülöpová 
520 |a Povinnosť podať daňové priznanie za vozidlo určené na podnikanie. Daňové priznanie podávané spravcovi dane (daňovému úradu), a to podľa miesta trvalého pobytu fyzickej osoby alebo sídla právnickej osoby. Najdôležitejšie ustanovenia zákona o dani z motorových vozidiel. 
610 2 0 |a daňovníci 
610 2 0 |a osoby fyzické 
610 2 0 |a osoby právnické 
610 2 0 |a vozidlá motorové 
610 2 0 |a dane z vozidiel motorových 
610 2 0 |a podnikanie 
610 2 0 |a povinnosť daňová 
100 1 |a Fülöpová, Jana